| 000 | 00707cam a2200241u 4500 | ||
|---|---|---|---|
| 001 | 16491 | ||
| 003 | BD-RjUL | ||
| 005 | 20211209000021.0 | ||
| 008 | 140213r19671953enka 001 0 eng d | ||
| 035 | _a(BD-RjUL)16546 | ||
| 040 |
_aDLC _cCarP _dDLC _dBD-RjUL _beng |
||
| 041 | _aeng | ||
| 082 | 0 | 0 |
_a 796.6 _bSHT 1967 |
| 100 | 1 |
_aShaw, Reginald Cairns, _d1906- [from old catalog] _950972 |
|
| 245 | 1 | 0 |
_aTeach yourself cycling / _c Reginald Cairns, Shaw |
| 260 |
_aLondon : _bEnglish Universities Press, _c1953 [Imprission 1967] |
||
| 300 |
_a160 p. : _billus. ; _c18 cm. |
||
| 504 | _aIncludes Index | ||
| 650 | 0 |
_aCycling. _950973 |
|
| 942 |
_2ddc _cBK |
||
| 999 |
_c16491 _d16491 |
||